000 00564nam a22001697a 4500
999 _c40760
_d40760
003 OSt
005 20200606120150.0
008 191102b ||||| |||| 00| 0 eng d
020 _a9788192895109
040 _cMESKC library
082 _a491.438
_bRAM/P
100 _93
_aRamnaresh, Ahir Prabhunath
245 _aPrayojanmulak Prashansanik Hindi Aur Paribhashik Shabdawali /
_cDr. Ahir Prabhunath Ramnaresh
260 _aFaridabad :
_bVidha Book Distributors,
_c2016
300 _a231p
942 _2ddc
_cBK
_h491.438
_iRAM/P
_k491.438
_mRAM/P